000 00647nam a2200229Ia 4500
003 OSt
005 20250718101918.0
008 210423s2003 xx 000 0 und d
020 _a8122900038
040 _cAL
041 _aeng
082 _a070.415
_bKNIC
100 _aRobert M Knight
_979015
245 _aCraft of clarity
_b: Journalistic approach to good writing
260 _aNew Delhi
_bSurjeeth Publications
_c2003
300 _axi,140
_bPB
365 _b160
_cINR
650 _aEditing
_979016
650 _aJournalism
_979017
906 _aapproach ; clarity ; clarity: ; Craft ; good ; Journalistic ; writing
942 _2ddc
_cBK
999 _c156231
_d156231